00588cam a22002051 450000100060000000300080000600500170001400800390003103500190007003500190008904000410010804100080014908200160015710000470017324500410022026000480026130000430030965000100035265100200036220058BD-RjUL20211209000521.0140226r19531934enkc 000 0 eng a(BD-RjUL)20120 a(OCoLC)2518182 aDLCcArLUAdArLUAdDLCdBD-RjULbeng aeng a822.91bYEC1 aYeats, W. B.q(William Butler),d1865-193914aThe collected plays of W. B. Yeats / aLondon :bMacmillan,c1934 [reprinted 1953] avi, 617 p. :bfront (port.) ;c21 cm. aPlays 0aIrelandvDrama.